States fiscal management and regional equity (Record no. 554)

MARC details
000 -LEADER
fixed length control field 00604 a2200181 4500
001 - CONTROL NUMBER
control field 066508
003 - CONTROL NUMBER IDENTIFIER
control field OSt
005 - DATE AND TIME OF LATEST TRANSACTION
control field 20210930161032.0
008 - FIXED-LENGTH DATA ELEMENTS--GENERAL INFORMATION
fixed length control field
082 ## - DEWEY DECIMAL CLASSIFICATION NUMBER
Classification number 336.54
Item number S29S
245 1# - TITLE STATEMENT
Title States fiscal management and regional equity
Statement of responsibility, etc edited by M. Govinda Rao and Anwar Shah
260 ## - PUBLICATION, DISTRIBUTION, ETC. (IMPRINT)
Place of publication, distribution, etc New Delhi
Name of publisher, distributor, etc Palgrave
Date of publication, distribution, etc 2009
300 ## - PHYSICAL DESCRIPTION
Extent 290p.
690 ## - LOCAL SUBJECT ADDED ENTRY--TOPICAL TERM (OCLC, RLIN)
Topical term or geographic name as entry element India; Intergovernmental fiscal relations; Manpower policy, Rural; Regional planning; Economic history--Regional disparities
700 ## - ADDED ENTRY--PERSONAL NAME
Personal name Rao, M. Govinda
Relator term Editor
700 ## - ADDED ENTRY--PERSONAL NAME
Personal name Shah, Anwar
Relator term Editor
942 ## - ADDED ENTRY ELEMENTS (KOHA)
Source of classification or shelving scheme Dewey Decimal Classification
Koha item type Books
Holdings
Withdrawn status Lost status Source of classification or shelving scheme Damaged status Not for loan Collection code Home library Current library Date acquired Source of acquisition Cost, normal purchase price Full call number Barcode Date last seen Price effective from Koha item type
    Dewey Decimal Classification     General Text Book Central University Of Rajasthan Central University Of Rajasthan 07/03/2012 MGM 695.00 336.54 S29S 794 21/11/2024 02/09/2020 Books